00463nam a22001457a 450000500170000000800410001702000280005804100130008608200120009910000240011124500710013526000550020630000310026165000250029220231027065849.0231027b |||||||| |||| 00| 0 eng d a0409011754 ; 0409011762 aEnglish  a349 BUT aDe Beer, ClEnglish aButterworths Business Contracts Compendium / cedited by C De Beer aDurban :bButterworth Publishers (Pty) Ltd, c1997 bviii, 1524 pages ;c26 cm. aLegal practice bLaw